| 000 | 00759nam a22002537a 4500 | ||
|---|---|---|---|
| 008 | 131118b xxu||||| |||| 00| 0 eng d | ||
| 020 | _a0-8247-0301-4 | ||
| 024 | _cAvailable | ||
| 037 | _cAvailable | ||
| 040 |
_aMBSTU LIBRARY _dMBSTU LIBRARY |
||
| 082 |
_222 _a616.238071 BUE |
||
| 100 | _aBush, Robert K. | ||
| 245 | _aEnvironmental asthma. | ||
| 260 |
_aNew York. _bMarcel, Dekker, Inc. _c2001 |
||
| 300 |
_a24 cm. _b370 page _f1 _g24 cm. |
||
| 600 | _2Asthma- environmental aspects. | ||
| 650 | _2Asthma- environmental aspects. | ||
| 700 | _aBush, Robert K. | ||
| 710 | _a. | ||
| 270 |
_aNew York _bNew York. _dUSA |
||
| 365 |
_b13200.00 _d13200.00 |
||
| 942 |
_2ddc _cBK |
||
| 999 |
_c851 _d851 |
||